Introduction to Artificial Neural Network (Record no. 117)

MARC details
000 -LEADER
Fixed length control field 00531nam a2200193 4500
003 - CONTROL NUMBER IDENTIFIER
Control field SEACOMEC
005 - DATE AND TIME OF LATEST TRANSACTION
Control field 20240404153419.0
008 - FIXED-LENGTH DATA ELEMENTS--GENERAL INFORMATION
Fixed length control field 231006b |||||||| |||| 00| 0 eng d
020 ## - INTERNATIONAL STANDARD BOOK NUMBER / ISBN
Price Rs. 150.00
040 ## - CATALOGING SOURCE
Original cataloging agency SEACOMEC
082 ## - DEWEY DECIMAL CLASSIFICATION NUMBER
Classification number 006.32
Book Number S624
100 1# - MAIN ENTRY--PERSONAL NAME
Personal name Sivanandam, S.N.
245 1# - TITLE STATEMENT
Title Introduction to Artificial Neural Network
Statement of responsibility S.N. Sivanandam and M. Palulraj
260 ## - IMPRINT
Place of publication New Delhi
Name of publisher Vikas
Date of publication 2005
650 ## - SUBJECT ADDED ENTRY--TOPICAL TERM
Topical term Special computer methods
650 ## - SUBJECT ADDED ENTRY--TOPICAL TERM
Topical term Artificial intelligence
700 1# - ADDED ENTRY--PERSONAL NAME
Personal name Palulraj, M.
942 ## - ADDED ENTRY ELEMENTS (KOHA)
Koha item type Books
Holdings
Withdrawn status Lost status Source of classification Damaged status Not for loan Home library Current library Date acquired Total Checkouts Call number Accession number Date last seen Price effective from Koha item type Copy number
    Dewey Decimal Classification     SEACOM ENGINEERING COLLEGE SEACOM ENGINEERING COLLEGE 04/04/2024   006.32 S624 4910 04/04/2024 04/04/2024 Books  
    Dewey Decimal Classification     SEACOM ENGINEERING COLLEGE SEACOM ENGINEERING COLLEGE 04/04/2024   006.32 S624 4911 04/04/2024 04/04/2024 Books 1
    Dewey Decimal Classification     SEACOM ENGINEERING COLLEGE SEACOM ENGINEERING COLLEGE 04/04/2024   006.32 S624 4912 04/04/2024 04/04/2024 Books 2
    Dewey Decimal Classification     SEACOM ENGINEERING COLLEGE SEACOM ENGINEERING COLLEGE 04/04/2024   006.32 S624 4913 04/04/2024 04/04/2024 Books 3
    Dewey Decimal Classification     SEACOM ENGINEERING COLLEGE SEACOM ENGINEERING COLLEGE 04/04/2024   006.32 S624 4914 04/04/2024 04/04/2024 Books 4
© Seacom Engineering College, All rights reserved.      Powered by Koha